000 00484nmm a2200157Ia 4500
008 251105s9999||||xx |||||||||||||||||und||
020 _a9788497889995
041 _aspa
100 _aMoyano Mangas, Segundo
245 0 _aAcción educativa y funciones de los educadores sociales
264 _a[Madrid, España] :
_bUniversitat Oberta de Catalunya,
_c2012
300 _a122 páginas
650 _aEducation
856 _uhttps://public.digitaliapublishing.com/a/19927
942 _cCF
999 _c90769
_d90769